Normal view
MARC view
- Global networking
Entry Topical Term
001 - CONTROL NUMBER
- control field: 95895
003 - CONTROL NUMBER IDENTIFIER
- control field: NUST
005 - DATE AND TIME OF LATEST TRANSACTION
- control field: 20220730111101.0
008 - FIXED-LENGTH DATA ELEMENTS
- fixed length control field: 220730|| aca||aabn | a|a d
040 ## - CATALOGING SOURCE
- Original cataloging agency: NUST
- Transcribing agency: NUST
150 ## - HEADING--TOPICAL TERM
- Topical term or geographic name entry element: Global networking
670 ## - SOURCE DATA FOUND
- Source citation: Work cat.: (NUST)193319: Nakkiran, S. 95894, Global networking / , 2005
